[Event "Bundesliga 0203"]
[Site "Germany"]
[Date "2003.02.08"]
[Round "10.1"]
[White "Almasi, Zoltan"]
[Black "Hickl, Joerg"]
[Result "1-0"]
[WhiteElo "2672"]
[BlackElo "2605"]
[Annotator "Avrukh,B"]
[PlyCount "41"]
[EventDate "2002.10.19"]
[EventType "team-tourn"]
[EventRounds "15"]
[EventCountry "GER"]
[SourceTitle "CBM 094"]
[Source "ChessBase"]
[SourceDate "2003.05.26"]
[SourceVersion "1"]
[SourceVersionDate "2003.05.26"]
[SourceQuality "1"]
[WhiteTeam "Kreuzberg"]
[BlackTeam "Stuttgart"]
[WhiteTeamCountry "GER"]
[BlackTeamCountry "GER"]

1. e4 g6 2. d4 Bg7 3. Nc3 d6 4. f4 Nf6 5. Nf3 O-O 6. Bd3 Na6 7. O-O c5 8. d5
Rb8 ({Another line here -} 8... Bg4) 9. f5 $1 {This looks like an extremely
dangerous line for black, that's why I would prefer 8...Bg4.} Nc7 ({More
principal probably} 9... gxf5 10. exf5 (10. Nh4 $5) 10... Nb4 11. Be2 Bxf5 12.
a3 Bxc2 (12... Na6 13. Nh4 Bg6 14. Nf5 (14. Bd3 $5 $44) 14... Bxf5 15. Rxf5 Nc7
16. Bg5 Qd7 17. Qd3 b5 18. Raf1 b4 19. Bxf6 Bxf6 20. Ne4 Bd4+ 21. Kh1 f6 22.
Qh3 {[%cal Gh3d7,Gf5g5]} Kh8 23. Ng5 $1 e6 24. Nxh7 {1-0 Acs,P-Lorscheid,G/
Budapest 1997/CBM 58 ext (24)}) (12... Nxc2 13. Nh4 Nxa1 14. Nxf5 $16 {[%csl
Ra1]}) 13. Qd2 Bg6 (13... Qa5 14. axb4 Qxa1 15. Qxc2 cxb4) 14. axb4 cxb4 15.
Nd1 Qb6+ 16. Kh1 (16. Ne3 $143 Rbc8 17. Kh1 Bh6 $19) (16. Qe3 $143 Nxd5 17.
Qxb6 axb6) 16... Rfc8 $44 {1/2-1/2 Nataf,I-Marin,M/Andorra 1998/EXT 2003}) 10.
a4 $146 {Interesting novelty,now black hasn't option of Bg4,like after 10fg-hg
11a4.} (10. fxg6 hxg6 11. a4 {also looks dangerous for black} Bg4 (11... a6 12.
Qe1 b5 13. Qh4 c4 14. Be2 Re8 15. Bh6 Qd7 16. Ng5 $18 {1-0 Van der Weide,
K-Wissmann,D/Leeuwarden 2002/EXT 2003 (23)}) 12. Qe1 Bxf3 13. Rxf3 Qd7 14. Kh1
a6 15. Bg5 b5 16. Qh4 Rfc8 17. Raf1 $40 {1-0 Acs,P-Hoang Thanh Trang/Budapest
1997/CBM 58 ext (34)}) 10... a6 $2 {This is simply a wrong direction,black
should accept the challenge and to take a central pawn.} (10... gxf5 11. exf5
Ncxd5 12. Nxd5 Nxd5 13. Qe1 $44 {For sure white has clear compensation,but
position still needs practical test.}) 11. a5 Nb5 (11... b5 12. axb6 Rxb6 13.
Na4 (13. Qe1 $5) 13... Rb8 14. c4 $16 {[%csl Rc7]}) (11... e6 $6 12. dxe6 fxe6
13. fxg6 hxg6 14. e5 dxe5 15. Bg5 $16 {[%csl Rc5,Re5,Re6,Rg6]}) (11... gxf5 12.
exf5 Ncxd5 13. Nxd5 Nxd5 14. Qe1 {and white has additional attacking resource
Ra4-h4}) 12. fxg6 hxg6 (12... fxg6 13. Nxb5 axb5 14. Bxb5 Nxe4 15. Qe1 Nf6 16.
Ng5 $1 $16 {[%cal Gg5e6]} (16. c4 Ng4 $14 {[%cal Gg4e5]})) 13. Qe1 Nxc3 14.
bxc3 Nh7 {[%csl Gg5]} (14... Bg4 15. Ng5 {[%cal Ge1h4]}) (14... e6 15. Bg5 (15.
Qh4 Nh7 16. Ng5 Nxg5 17. Bxg5 f6 18. Bd2 $16) 15... exd5 16. Nd2 $1 $40) 15. e5
$1 e6 (15... dxe5 $142 16. Nxe5 Nf6 (16... Qxd5 17. Bf4 {[%cal Gf4b8]} Bxe5 18.
Bxe5 Ra8 19. Qg3 $40) 17. Bf4 Ra8 (17... Nxd5 $140 18. Nxg6 $1 $16 {[%cal
Gf4b8]}) 18. c4 $16) (15... Bg4 16. e6 $1 $16) 16. Ra4 $3 {[%cal Ga4h4] It was
looking like black is doing quite ok, but this brilliant idea simply decides
the game. I was unable to find any defence for black.} dxe5 (16... exd5 17. Rh4
c4 18. Rxh7 cxd3 19. Bg5 f6 20. Rxg7+ Kxg7 21. exf6+ Rxf6 22. cxd3 $16) 17. Rh4
Bf6 (17... exd5 18. Rxh7 e4 19. Rxg7+ Kxg7 20. Qg3 Ra8 21. Ne5 {[%cal Gf1f7]}
Qe8 22. Qg5 $40 (22. Rxf7+ Rxf7 23. Qxg6+ Kf8 24. Bh6+ Ke7 $11)) (17... c4 $2
18. Rxh7 cxd3 19. Rxg7+ Kxg7 20. Qxe5+ {[%cal Ge5b8]}) 18. Rh6 exd5 $6 (18...
c4 19. Bxg6 $1 fxg6 20. Rxg6+ Kh8 (20... Bg7 21. Bh6 $18) 21. Ng5 $1 (21. Nxe5
Qxd5 22. Rgxf6 Rxf6 23. Rxf6 Nxf6 24. Qh4+ Nh7 (24... Kg8 25. Qg5+ $18) 25.
Ng6+ Kg7 (25... Kg8 26. Ne7+) 26. Qh6+ Kf7 27. Qxh7+ Kf6 28. Qh8+ Kxg6 29. Qg8+
$11) 21... Bxg5 (21... Nxg5 22. Bxg5 $18) 22. Qxe5+ Bf6 23. Rfxf6 Rxf6 24. Bg5
$18) (18... Ng5 19. Nxg5 Bxg5 20. Qxe5 $18 {[%csl Gh8][%cal Ge5b8]}) 19. Nxe5
$36 Bg7 (19... Re8 20. Bxg6 fxg6 21. Rxg6+ {wins immediately}) (19... Qe8 20.
Rxf6 Nxf6 21. Qh4 {[%cal Gh6h8]} Kg7 22. Bf4 Ra8 23. Nxf7 $1 Qxf7 24. Be5 $18 {
[%cal Gh6h7]}) 20. Rxh7 Kxh7 (20... c4 21. Rxg7+ Kxg7 22. Qg3 $1 cxd3 23. Rxf7+
) 21. Nxf7 $1 (21. Nxf7 Rxf7 22. Rxf7 c4 23. Qe5 Qg8 24. Qh5#) 1-0

[Event "Asia-ch 4th"]
[Site "Doha"]
[Date "2003.02.27"]
[Round "6"]
[White "Kotsur, Pavel"]
[Black "Kakageldyev, Amanmurad"]
[Result "1-0"]
[WhiteElo "2586"]
[BlackElo "2469"]
[Annotator "Avrukh,B"]
[PlyCount "51"]
[EventDate "2003.02.22"]
[EventType "swiss"]
[EventRounds "9"]
[EventCountry "QAT"]
[SourceTitle "CBM 094"]
[Source "ChessBase"]
[SourceDate "2003.05.26"]
[SourceVersion "1"]
[SourceVersionDate "2003.05.26"]
[SourceQuality "1"]

1. e4 g6 2. d4 Bg7 3. Nc3 d6 4. f4 Nf6 5. Nf3 O-O 6. Be3 Na6 {This variation
with 6...Na6 was considered,like a dubious one.The present game once again
proves the same evaluation.} (6... b6 {the most principal line in my opinion})
7. e5 Ng4 8. Bg1 c5 9. h3 cxd4 10. Qxd4 Nh6 11. O-O-O Be6 ({Probably black
should try to find some play in this line,although i don't believe in it.} 
11... Qa5 12. g4 Bd7 (12... Nb4 13. a3 Nc6 14. Qe3 (14. Qd5 $5) 14... dxe5 15.
fxe5 Be6 (15... Nxe5 $140 $2 16. Rd5 $1 $18) 16. Bh2 Kh8 17. Bd3 a6 18. Be4
Rac8 19. Bf4 Ng8 20. Bd5 $16 {[%csl Gg8] 1/2-1/2 Sigurjonsson,G-Zbikowski,W/
Germany 1983/GER-chT (51)}) 13. Nd5 (13. Bc4 $5) 13... Qxa2 $13 {
Tseshkovsky-Vadasz 1978, Inf.26/188.}) 12. g4 {[%csl Rh6]} Rc8 $2 $146 {
Unfortunate try somehow to justify this line,meet a very easy refutation.} (
12... Qa5 13. Qa4 $1 Qxa4 14. Nxa4 Rfc8 (14... dxe5 15. fxe5 Nb4 16. a3 Nc6 17.
Nc5 Bc8 18. Be3 b6 19. Bb5 Nxe5 20. Nxe5 bxc5 21. Nc6 Bb7 22. Rd7 Bxc6 23. Bxc6
Rab8 24. c3 $1 $16 {1-0 Bareev,E-Todorcevic,M/Marseille 1990/CBM 20/[King] (41)
}) 15. Bxa6 bxa6 16. exd6 exd6 17. Bd4 Bxa2 18. Nc3 Bc4 19. Bxg7 Kxg7 20. Rxd6
$16 {1/2-1/2 Kotronias,V-Kakageldyev,A/Bled 2002/EXT 2003 (52)}) 13. Qxa7 $1
$16 Rxc3 (13... Nb4 14. a3 Rxc3 (14... Nc6 15. Qxb7 Qa5 16. Bb6 $1 $18) 15.
bxc3 Nd5 16. f5 $1 gxf5 17. g5 $18 {[%csl Rh6]}) (13... Nc5 14. Bxc5 Rxc5 15.
Qxc5 dxc5 16. Rxd8 Rxd8 17. Ng5 $18) 14. bxc3 Qa5 15. Bxa6 bxa6 16. Bd4 $1 $18
{[%cal Gc1d2] Now it becomes clear,that black has no attacking resources and
white king will be pretty safe on d2.} Bd5 17. Rhf1 dxe5 18. Nxe5 Qxa2 {
[%cal Gd5e4]} (18... f6 19. Nd3 Qxa2 20. Nb4 $1 $18) 19. Rfe1 {[%csl Ge4]} Ra8
20. Qb6 Qa3+ (20... e6 21. Kd2 $1 {[%cal Gd1a1]}) 21. Kd2 Qa4 22. Ra1 Qe8 23.
Rxa6 {Acually the game is over right here and black could resighn easily,but
they decided to make a few moves.} Rc8 24. Ra7 Rd8 25. Qc7 f6 26. Nxg6 $1 {
crushing the blak position} (26. Nxg6 hxg6 27. Rxe7 {[%cal Ge7g7,Ge7e8]}) 1-0

[Event "Asia-ch 4th"]
[Site "Doha"]
[Date "2003.02.24"]
[Round "3"]
[White "Kostenko, Petr"]
[Black "Annaberdiev, Meilis"]
[Result "1/2-1/2"]
[WhiteElo "2497"]
[BlackElo "2405"]
[Annotator "Avrukh,B"]
[PlyCount "45"]
[EventDate "2003.02.22"]
[EventType "swiss"]
[EventRounds "9"]
[EventCountry "QAT"]
[SourceTitle "CBM 094"]
[Source "ChessBase"]
[SourceDate "2003.05.26"]
[SourceVersion "1"]
[SourceVersionDate "2003.05.26"]
[SourceQuality "1"]

1. e4 d6 2. d4 Nf6 3. Nc3 g6 4. f4 Bg7 5. Nf3 O-O 6. Bd3 Na6 7. O-O c5 8. d5
Nc7 9. Qe1 b5 $6 {A very sharp and probably dubious continution.} (9... e6 $6
10. dxe6 Nxe6 11. f5 Nd4 12. Qh4 Nd7 13. Bg5 $40 {1-0 Padevsky,N-Sandor,B/
Varna 1969/EXT 99 (24)}) ({The most playable line is:} 9... Rb8) 10. Bxb5 (10.
Nxb5 $140 $2 c4 $1 11. Nxc7 (11. Bxc4 Nxb5 12. Bxb5 Qb6+ $19 {[%cal Gb6b5]})
11... Qxc7 12. Be2 Nxe4 $17) 10... Nxb5 (10... Nfxd5 $5 11. Nxd5 (11. exd5 Bxc3
12. Qxc3 Nxb5 13. Qd2 {[%cal Gc2c4]} Bg4 $1 $13) 11... Nxb5 12. Qh4 Re8 (12...
e6 $140 $2 13. Ne7+ $1 Kh8 14. Ng5 h6 15. Nxf7+ Rxf7 16. Nxg6+ {[%cal Gh4d8]})
13. f5 $40) (10... Nxe4 11. Qxe4 Bxc3 12. Bc6 $1 $16 {[%csl Gc3][%cal Gc6a8]})
11. Nxb5 e6 $146 (11... Qb6 $143 12. c4 Rb8 13. Bd2 (13. Nc3 $142 Qb4 {[%csl
Gc4]} 14. e5 $16) 13... Bd7 14. a4 a6 15. Ba5 Qb7 16. Nc3 Qb3 $44 {1-0 Liew
Chee Meng,J-Berrocal,J/Dubai 1986/TD (39)}) 12. dxe6 $2 ({Very strong was:} 12.
e5 $1 dxe5 (12... Ne8 13. dxe6 (13. f5 $5) 13... Bxe6 14. Nc3 {and black
compensation is unclear.}) 13. fxe5 Nxd5 14. c4 $1 Ba6 (14... Nb4 15. Bg5 Qd3
16. Qh4 (16. Nd6 Nc2 17. Qd1 $1 $16 {[%cal Gg5e7]}) 16... Bb7) 15. a4 (15. Bg5
Qd7) 15... Bxb5 16. axb5 Nb6 17. Qe4 $16 {[%csl Gc5,Rg7]}) 12... Bxe6 {[%cal
Ge6c4]} 13. Qe2 (13. Nc3 Bc4 14. Rf2 Re8 {[%csl Ge4]}) 13... Re8 $44 14. Rd1
Bd5 $1 {The light-squared bishop appears to be very good and black provokes
quite advantageous complications.} 15. e5 (15. Ne5 dxe5 16. exd5 exf4 17. Qf3
c4 {[%cal Gd8b6]} (17... a6 18. Nc3 Nh5 $5 $13) 18. Nc3 g5 $1 {and black
appears to be alright}) 15... Qb6 16. Nxd6 (16. Nc3 Bb7 $44) (16. c4 $5 dxe5
17. fxe5 (17. cxd5 c4+ 18. Be3 Qxb5 19. fxe5 Nxd5 20. Bd4 $11) 17... Bc6 18.
Nd6 Re7 {[%csl Re5] and strangely enough white cannot prevent black's
counterplay against e5-pawn} (18... Re6 $2 19. Ng5 Re7 20. Ngxf7 $18) 19. Bg5 (
19. Qf2 Nd7 20. Bg5 Re6) (19. Rd3 Ng4 20. Bf4 Rf8 $11 {[%cal Gc6f3,Gg4e5]})
19... Re6 20. Bxf6 $140 $6 Bxf6 21. Qf2 Bg7 (21... Rd8 $2 22. Nxf7) 22. Ng5 Re7
23. Ngxf7 $2 Rf8 $17) 16... Qxd6 17. Qf2 {White has already to be very careful}
(17. Be3 $143 $2 Qc6 18. exf6 Bxf6 $1 (18... Bxf3 19. Qxf3 Qxf3 20. gxf3 Rxe3
21. fxg7 Re2 $11) 19. Ne5 Bxe5 20. fxe5 Rxe5 $40 {[%cal Gd5g2,Ga8e8]}) 17...
Qc6 18. exf6 Bxf6 19. c3 (19. Ne5 Bxe5 20. fxe5 Rxe5 21. Bh6 Rae8 22. Re1 $11)
19... Re7 ({Another interesting way was:} 19... Bxf3 20. Qxf3 (20. gxf3 Re7 $40
{[%cal Ga8e8]}) 20... Qxf3 21. gxf3 Re2 $44) 20. Re1 $1 {White has to trade
one pair of rooks} (20. Be3 $2 Rae8 21. Re1 Bxf3 22. gxf3 Qd5 $1 $17 {[%cal
Gd5h5,Gf6h4]}) 20... Rae8 21. Bd2 Qb5 {[%cal Gb5d3]} (21... Bxf3 22. Rxe7 Rxe7
23. Qxf3 Qxf3 24. gxf3 Re2 25. Rd1 Kg7 $44) 22. b3 Qd3 (22... Re2 23. c4 $1 (
23. Qf1 $2 Bxf3 24. gxf3 Qd3 $17) 23... Rxf2 24. cxb5 Ree2 (24... Rxe1+ 25.
Rxe1 Bd4 26. Re8+ Kg7 27. Bc3 $1 $11) 25. Rxe2 Rxe2 26. Rd1 $11) 23. Ne5 (23.
Ne5 Bxe5 24. fxe5 Rxe5 25. Rxe5 Rxe5 26. Re1 Rxe1+ 27. Qxe1 c4 $1 $11) 1/2-1/2

[Event "Politiken Cup 18th"]
[Site "Copenhagen"]
[Date "1996.??.??"]
[Round "5"]
[White "De Firmian, Nick E"]
[Black "Hoi, Carsten"]
[Result "1-0"]
[WhiteElo "2595"]
[BlackElo "2435"]
[Annotator "Baburin,A"]
[PlyCount "51"]
[EventDate "1996.06.??"]
[EventType "swiss"]
[EventRounds "11"]
[EventCountry "DEN"]
[SourceTitle "CBM 054"]
[Source "ChessBase"]
[SourceDate "1996.10.01"]
[SourceVersion "1"]
[SourceVersionDate "1996.10.01"]
[SourceQuality "1"]

1. e4 {Petursson} g6 2. d4 Bg7 3. Nc3 d6 4. f4 Nf6 5. Nf3 O-O 6. Bd3 Na6 7. O-O
c5 8. d5 Bg4 9. Kh1 Nc7 10. Qe1 Bxf3 11. Rxf3 a6 12. Qh4 e6 13. f5 $1 exf5 14.
exf5 b5 15. Bg5 c4 16. Be2 Nce8 17. Raf1 {[#]Here practically all White's
pieces participate in the attack, while the defending forces lack space and
co-ordination.} Qa5 18. Rh3 h5 19. Ne4 Nxe4 20. Qxe4 Nc7 21. Bxh5 Rfe8 22. Qh4
gxh5 23. f6 Qa4 (23... Nxd5 {Petursson} 24. Qxh5 Nxf6 25. Bxf6 Bxf6 26. Qh6 $18
) 24. Qxh5 Qxc2 25. fxg7 Qg6 26. Qh8# 1-0

[Event "HUN-chT 9697"]
[Site "Hungary"]
[Date "1997.??.??"]
[Round "13"]
[White "Borocz, Istvan"]
[Black "Beliavsky, Alexander G"]
[Result "0-1"]
[WhiteElo "2420"]
[BlackElo "2620"]
[Annotator "Beliavsky,A"]
[PlyCount "70"]
[EventDate "1996.??.??"]
[EventType "team"]
[EventRounds "12"]
[EventCountry "HUN"]
[SourceTitle "CBM 058"]
[Source "ChessBase"]
[SourceDate "1997.06.01"]
[SourceVersion "1"]
[SourceVersionDate "1997.06.01"]
[SourceQuality "1"]

1. e4 d6 2. d4 Nf6 3. Nc3 g6 4. f4 Bg7 5. Nf3 O-O 6. Bd3 Nc6 7. e5 dxe5 (7...
Ne8 $5 8. Be3 Nb4 $1 9. Bc4 Bf5 $13) 8. fxe5 Nh5 {Fischer} 9. Be3 (9. Be4 Bg4
10. Be3 f6 11. exf6 Nxf6 12. Bxc6 bxc6 13. O-O Nd5 $11) 9... Bg4 10. Be2 f6 11.
O-O $5 {Novelty} (11. d5 Nxe5 12. Nxe5 Bxe2 13. Qxe2 fxe5 14. O-O-O Qd7 15.
Rhe1 $146) (11. e6 f5 12. d5 Nb4 13. Bc4 Bxf3 14. gxf3 Qd6 15. a3 $2 Bxc3+ 16.
bxc3 Qe5 $36) 11... Bxf3 (11... fxe5 12. Ng5 Rxf1+ 13. Qxf1 Bxe2 14. Qf7+ Kh8
15. Nxe2 (15. Qe6 Nxd4 16. Nf7+ Kg8 17. Nh6+ Kh8 18. Nf7+ Kg8 19. Nh6+ $11 (19.
Bxd4 Qxd4+ 20. Kh1 Bc4 21. Nh6+ Kf8 22. Rf1+ Nf4 $19)) 15... Qg8 16. d5 Nd4 $13
) 12. Bxf3 fxe5 13. d5 $2 (13. dxe5 Qxd1 14. Raxd1 Bxe5 15. Na4 Rad8 16. Nc5 $5
(16. c3 Bd6 17. Nc5 Bxc5 18. Bxc5 b6) 16... Bxb2 17. Bd5+ Kh8 18. Rxf8+ Rxf8
19. Ne6 Re8 20. Rb1 Be5 21. Rxb7 $16) (13. Bxc6 bxc6 14. Rxf8+ Qxf8 15. dxe5
Qf5 16. Qe2 $13) 13... Nd4 14. Bxd4 (14. Bxh5 Rxf1+ 15. Qxf1 gxh5 16. Qc4 Qd7
17. d6+ e6 18. dxc7 Rc8 $36) 14... exd4 15. Ne4 (15. Nb5 c5 (15... e5 $1 16.
dxe6 c6 17. Na3 Nf4 $17) 16. dxc6 bxc6 17. Bxc6 Rc8 18. Rxf8+ Bxf8 19. Qxd4
Qxd4+ 20. Nxd4 Bg7 21. Bd5+ $16) 15... Nf4 16. c4 dxc3 17. Nxc3 Qd6 $17 18. Kh1
Kh8 19. Rc1 Rad8 20. Qc2 (20. Nb5 Qb6 21. Nxc7 Rd7 22. Qc2 Rc8 $19) (20. Qd2 $5
) 20... Qa6 21. Qe4 Qf6 22. Rce1 g5 23. Qe3 (23. Qxe7 Nd3 24. Qxf6 Bxf6 25. Re3
(25. Re2 g4 26. Rd2 Nxb2 $17) 25... Nxb2 $17) (23. g3 Ng6 24. Bg2 Qd4 $17)
23... Nxd5 $1 24. Nxd5 Rxd5 25. Qxe7 (25. Qxa7 Rf5 26. Rg1 Qh6 27. Bxb7 Be5 28.
h3 (28. g3 Rf2 29. Rg2 Bxg3 $17) 28... Qh4 $17) 25... Qxe7 26. Rxe7 g4 27. Be2
Rxf1+ 28. Bxf1 Bxb2 29. Rxc7 Rd1 30. Rf7 Kg8 31. Rf5 (31. Rf4 Be5 32. Rxg4+ Kf7
33. Kg1 Bd4+ $19) 31... Kg7 32. g3 Kg6 33. Rf4 Be5 34. Rxg4+ $2 (34. Rf2 Bd4
35. Rf4 h5 36. Kg2 Rd2+ 37. Kh1 Be5 38. Rb4 b6 39. a4 Kf5 40. Ba6 Rd1+ 41. Kg2
Bd4 42. Bf1 Rd2+ 43. Kh1 h4 44. gxh4 Be5 45. h3 g3 46. Rb3 Kf4 47. Rb4+ Bd4 $19
) 34... Kf5 35. Kg2 Rxf1 0-1

[Event "Olympiad-32"]
[Site "Yerevan"]
[Date "1996.09.21"]
[Round "6.3"]
[White "Olafsson, Helgi"]
[Black "Benjamin, Joel"]
[Result "0-1"]
[WhiteElo "2500"]
[BlackElo "2565"]
[Annotator "Belov,I"]
[PlyCount "98"]
[EventDate "1996.09.15"]
[EventType "team-swiss"]
[EventRounds "14"]
[EventCountry "ARM"]
[SourceTitle "CBM 055"]
[Source "ChessBase"]
[SourceDate "1996.12.01"]
[SourceVersion "1"]
[SourceVersionDate "1996.12.01"]
[SourceQuality "1"]
[WhiteTeam "Iceland"]
[BlackTeam "US of America"]
[WhiteTeamCountry "ISL"]
[BlackTeamCountry "USA"]

1. d4 d6 2. e4 Nf6 3. Nc3 g6 4. f4 Bg7 5. Nf3 O-O 6. Be3 Nc6 7. Be2 e6 8. Qd2
Ne7 9. e5 (9. O-O-O b6 10. e5 (10. h4 Bb7 11. h5 (11. Bd3 c5) 11... Nxe4 12.
Nxe4 Bxe4 13. Ng5 Bxg2 14. Rh2 Bb7 15. hxg6 hxg6 16. Ba6 $1 Bd5 $5 17. c4 f6
$13 {Chandler,M-Nijboer,F/London/1992/0:1/29/}) 10... Nfd5 11. Nxd5 (11. Bf2
Nxc3 12. Qxc3 Bb7 13. h4 Qd7 14. h5 dxe5 15. hxg6 fxg6 16. fxe5 Nd5 17. Qb3 Nf4
$10 {Johansson,J-Schlemermeyer,W/Rilton-Cup/1988/0,5/43/}) 11... Nxd5 12. Bf2
Bb7 13. h4 f6 14. c4 Ne7 15. exf6 Bxf6 16. h5 b5 17. hxg6 Nxg6 18. Be3 Qd7 $13
{Mikhalchishin,A-Beim,V/Groningen op/1990/0,5/25/}) 9... Nfd5 10. Nxd5 Nxd5 11.
Bf2 Bh6 $6 (11... b6 12. O-O-O Bb7 13. h4 f6 $132) 12. g3 b6 13. h4 (13. O-O-O
$5 Bb7 14. h4) 13... dxe5 14. dxe5 Bb7 15. h5 Nxf4 (15... Bg7 16. O-O-O $16) (
15... Kg7 16. hxg6 hxg6 17. Rxh6 Kxh6 18. f5+ g5 (18... Kh7 19. f6 $18) 19. f6
$18) 16. gxf4 (16. Qxd8 $6 Ng2+ 17. Kf1 Raxd8 18. Kxg2 Rd2 19. Bd3 (19. hxg6
fxg6 20. Rxh6 (20. Rae1 Rxe2 21. Rxe2 Bxf3+ 22. Kg1 Bxh1 $19) 20... Rxe2 $17)
19... Be3 20. Raf1 f6 $40) 16... Qxd2+ 17. Kxd2 Bxf4+ 18. Be3 $1 (18. Ke1 Bxe5
$13) 18... Rad8+ 19. Bd3 $8 Bxf3 $10 20. Bxf4 Bxh1 21. Rxh1 $16 Rd5 22. c4 Rd4
23. Bg5 f5 24. hxg6 $6 (24. exf6 Rg4 (24... Rfd8 $2 25. f7+ Kxf7 26. Bxd8 Rxd8
27. hxg6+ hxg6 28. Rh7+ $18) (24... e5 25. Ke3) 25. Be3 (25. Bh6 Rd8 26. Rh3
$16) 25... Rxf6 26. hxg6 hxg6 $16) 24... hxg6 25. Ke3 c5 26. Bf6 Rxf6 $1 (26...
Rd7 27. Be2 a5 (27... Rh7 28. Rd1 Rh3+ 29. Bf3 $16) 28. Bf3 $16) 27. exf6 a5 $1
(27... Kf7 28. Rh7+ Kxf6 29. Rxa7 $16) 28. a3 (28. Rh6 Kf7 29. Rh7+ Kxf6 30.
Rb7 Rd6 $13) 28... e5 29. Be2 Kf7 30. b4 $1 axb4 31. axb4 cxb4 (31... Kxf6 32.
bxc5 bxc5 33. Rb1 g5 34. Rb5 g4 35. Rxc5 f4+ 36. Kf2 Kf5 37. Rc8 $16) 32. Rb1
Kxf6 33. Rxb4 Rd6 $10 34. Rb5 e4 35. Bf1 Ke6 36. Bg2 $2 (36. Be2 $10) 36...
Rd3+ 37. Kf4 $2 (37. Ke2 g5 38. Rxb6+ Ke5 $17) 37... g5+ 38. Kxg5 Rg3+ 39. Kf4
Rg4+ 40. Ke3 Rxg2 $19 41. Rxb6+ Ke5 42. Rb5+ Kf6 43. Rb6+ Kg5 44. c5 Rc2 45.
Kd4 Kf4 46. Rb1 e3 47. c6 Rxc6 48. Rf1+ Kg3 49. Kxe3 Re6+ 0-1

[Event "Olympiad-31"]
[Site "Moscow"]
[Date "1994.12.12"]
[Round "11.1"]
[White "Campora, Daniel Hugo"]
[Black "Torre, Eugenio"]
[Result "1-0"]
[WhiteElo "2560"]
[BlackElo "2520"]
[Annotator "Belov,I"]
[PlyCount "61"]
[EventDate "1994.12.01"]
[EventType "team-swiss"]
[EventRounds "14"]
[EventCountry "RUS"]
[SourceTitle "CBM 045"]
[Source "ChessBase"]
[SourceDate "1995.04.01"]
[SourceVersion "1"]
[SourceVersionDate "1995.04.01"]
[SourceQuality "1"]
[WhiteTeam "Argentina"]
[BlackTeam "Philippines"]
[WhiteTeamCountry "ARG"]
[BlackTeamCountry "PHI"]

1. e4 d6 2. d4 Nf6 3. Nc3 g6 4. f4 Bg7 5. Nf3 O-O 6. Be3 b6 7. Qd2 $5 (7. e5
Ng4 8. Bg1 (8. Qe2 Ba6 9. Qd2 Bxf1 10. Rxf1 c5 11. O-O-O Nc6 12. d5 Na5 13. Qd3
Nxe3 14. Qxe3 b5 $36 {Sokolov,A-Cseshkovsky,V/YUG/1994/0,5/65/}) 8... c5 9. h3
Nh6 10. d5 Bb7 $1 11. Qd2 Nf5 12. Bf2 dxe5 13. fxe5 e6 14. O-O-O exd5 15. Nxd5
Nc6 $132 {Beliavsky,A-Anand,V/Munich/1991/0:1/28/}) (7. Bc4 Bb7 8. e5 Ng4 9.
Qe2 c5 10. O-O-O Bxf3 11. Qxf3 Nxe3 12. Qxe3 cxd4 13. Qxd4 Nc6 14. Qe4 Na5 15.
Bb3 $14 {Lanka,Z-Sznapik,A/Manila(ol)/1992/1:0/25/}) (7. Bd3 c5 8. Qd2 (8. Qe2
Nc6 9. e5 Ng4 10. Be4 Nb4 $1 11. O-O-O Ba6 12. Qe1 d5 $13 {Bologan,V-Gipslis,A/
Ostrava/1993/1:0/47/}) (8. d5 Bb7 9. O-O Na6 10. Re1 Nc7 11. Bf2 a6 12. a4 e6
13. dxe6 Nxe6 14. Qd2 Re8 $10 {Shirov,A-Strikovic,A/Oviedo/1992/}) 8... cxd4 9.
Nxd4 Bb7 10. O-O-O Nbd7 11. Rhe1 Nc5 12. Rg1 a6 13. h3 b5 $132 {Mikhalchishin,
A-Strikovic,A/YUG/1992/}) 7... Bb7 8. e5 Ng4 9. O-O-O $5 (9. Bg1 $6 dxe5 10.
fxe5 (10. dxe5 Qxd2+ 11. Nxd2 f6 $10) 10... c5 11. h3 cxd4 12. hxg4 dxc3 13.
Qxc3 Nc6 $36) 9... dxe5 10. Nxe5 $1 (10. fxe5 c5 11. dxc5 Qxd2+ 12. Bxd2 Nf2
$17) (10. dxe5 Qxd2+ 11. Kxd2 Rd8+ 12. Ke2 Rxd1 13. Nxd1 Nxe3 14. Nxe3 Na6 $10)
10... Nxe3 $6 (10... Nxe5 11. fxe5 c5 12. dxc5 Qxd2+ 13. Rxd2 Bxe5 14. cxb6
axb6 15. Bxb6 $2 Bf4 $17) 11. Qxe3 Nd7 12. Bb5 Nf6 (12... Nxe5 13. dxe5 Qb8 14.
Nd5 Bxd5 15. Rxd5 Qb7 16. Rhd1 $16) 13. d5 $1 $16 Qd6 14. Rhe1 a6 15. Bc6 $1
Bxc6 (15... Rab8 16. g4 $16) 16. dxc6 Qe6 17. Qf3 Qc8 18. Nd7 $1 Re8 (18...
Nxd7 19. cxd7 Qd8 20. Qc6 $16) 19. g4 e6 20. g5 Nh5 21. Ne4 a5 22. Ng3 Nxg3 23.
hxg3 Qa6 24. Qe2 Red8 $6 (24... Qxe2 25. Rxe2 Re7 $16) 25. c4 $1 a4 26. a3 Qa5
27. Rh1 Qf5 28. Qh2 $18 h5 29. gxh6 Bf8 30. g4 Qa5 (30... Qxg4 31. Nf6+ $18)
31. Qh4 1-0